| 000 | 01587nam0a22002651 4500 | ||
|---|---|---|---|
| 001 | v19\rc\1642805 | ||
| 005 | 20061002125406.0 | ||
| 035 | _a(NLR Aleph) 004839090 | ||
| 090 |
_a4802609 _c4802609 |
||
| 100 | _a20061002d1886 |||y0rusy50 ca | ||
| 101 | 0 | _arus | |
| 102 | _aRU | ||
| 105 | _ay z |||a| | ||
| 200 | 1 |
_aДве поэмы в стихах о двух малороссийских гетманах _eС примеч. _hПоэма первая _iПоследние предсмертные часы жизни, угасшей памяти, клятвопреступного изменника богу, отечеству и царю, Ивана Степанова Мазепы _hПоэма вторая _iДоблестный гетман Зиновий Михайлович Богдан Хмельницкий: По поводу сооружения и предстоящего торжественного открытия ему памятника в Киеве на Софиевской площади |
|
| 210 |
_aПереяслав _cтип. Ленского и Вурмана _d1886 |
||
| 215 |
_a45 с. _d21 |
||
| 702 | 1 |
_6z01790 _aХмельницкий _bБ. М. _fок. 1595-1657 _gБогдан Михайлович _4570 |
|
| 702 | 1 |
_aМазепа _bИ. С. _f1644-1709 _gИван Степанович _4570 |
|
| 790 | 1 |
_6z01702 _aХмельницкий _bЗ. М. _fок. 1595-1657 _gЗиновий Михайлович |
|
| 801 | 0 |
_aRU _bNLR _gpsbo |
|
| 801 | 0 |
_aRU _bRuMoRGB _2psbo |
|
| 801 | 1 |
_aRU _bProSoft-M _2rusmarc |
|
| 852 |
_aNLR _j18.211.1.149 |
||
| 942 | _cBOOK | ||
| 980 | _aNB | ||